| 000 | 00528cam a2200193ua 4500 | ||
|---|---|---|---|
| 020 | _a0-85157-320-7 | ||
| 041 |
_aeng _h |
||
| 082 |
_a025.5 _bSTO/PR |
||
| 100 | _aStoakley, Roger . | ||
| 245 |
_aPresenting the library service / _cRoger Stoakley. _hTextual Documents |
||
| 250 |
_a1 / _b. |
||
| 260 |
_aLondon : _bClive Knigley , _c1982. |
||
| 300 | _a109 ; . | ||
| 440 | 0 |
_aOutline of modern librarianship, _v _x; |
|
| 490 | 0 |
_aOutline of modern librarianship, _v _x; |
|
| 504 | _a | ||
| 942 | _cBK | ||
| 999 |
_c5748 _d5748 |
||